000 00943nam a2200265Ia 4500
003 OSt
005 20220923223437.0
006 a|||||r|||| 00| 0
007 ta
008 220922b |||||||| |||| 00| 0 hin d
024 _a215,454
037 _cTextual
040 _aARTS
_cARTS
_bhin
041 _2hin
_ahin
082 _aO152,1NSU3x, P2
100 _aसुमनाक्षर, सोहनपाल
245 0 _aअन्धा समाज और बहरे लोग
246 _aAndhā samāj aur bahare loga
250 _aद्वितीय संस्करण
260 _aदिल्ली
_b भारतीय दलित साहित्य अकादमी
_c2002
300 _a79पृ.
_ccm.
650 _aहिन्दी साहित्य
_9156264
942 _hO152,1NSU3x, P2
_cTEXL
_2CC
999 _c365322
_d365322